000 00419nam a2200169Ia 4500
008 230524s9999 xx 000 0 und d
020 _a9788185240664
082 _a624.18341
_bJAI
100 _aAshok K. Jain
245 0 _aReinforced Concrete Limit State Design
250 _a7
260 _aRoorkee
_bNem Chand
_c2012
300 _a"XIV,914p;"
500 _aQuantity Number: 22
650 _aCivil
942 _cBK
999 _c55147
_d55147